NLSUI OPAC header image

Tibet : The issue is independence (Record no. 13553)

MARC details
000 -LEADER
fixed length control field 00430nam a2200157Ia 4500
008 - FIXED-LENGTH DATA ELEMENTS--GENERAL INFORMATION
fixed length control field 160316s1998 xxu||||| |||| 00| 0 eng d
082 ## - DEWEY DECIMAL CLASSIFICATION NUMBER
Classification number 951.500000
Item number LAZ
100 ## - MAIN ENTRY--PERSONAL NAME
Personal name Lazar Edward
245 ## - TITLE STATEMENT
Title Tibet : The issue is independence
250 ## - EDITION STATEMENT
Edition statement
260 ## - PUBLICATION, DISTRIBUTION, ETC.
Place of publication, distribution, etc. Delhi
Name of publisher, distributor, etc. Full Circle
Date of publication, distribution, etc. 1998
300 ## - PHYSICAL DESCRIPTION
Extent 92p
Other physical details
Dimensions
365 ## - TRADE PRICE
Price amount Rs.100
650 ## - SUBJECT ADDED ENTRY--TOPICAL TERM
Topical term or geographic name entry element 1. Tibet - Independence Struggle<br/>2. Independence Struggle -Tibetians
700 ## - ADDED ENTRY--PERSONAL NAME
Personal name
--
Holdings
Withdrawn status Lost status Damaged status Not for loan Home library Current library Shelving location Date acquired Cost, normal purchase price Total Checkouts Full call number Barcode Date last seen Price effective from Koha item type
        . .   30.05.2017 100.00   951.5 LAZ 13903 30.05.2017 30.05.2017 BOOKs